| 000 | 00639nam a2200229Ia 4500 | ||
|---|---|---|---|
| 003 | OSt | ||
| 005 | 20221005050212.0 | ||
| 006 | a|||||r|||| 00| 0 | ||
| 007 | ta | ||
| 008 | 221004b |||||||| |||| 00| 0 tam d | ||
| 024 | _a58691 | ||
| 037 | _cTextual | ||
| 040 |
_aCRL _cCRL _btam |
||
| 041 |
_2tam _atam |
||
| 082 | _aV2:51y7N05, 32M2 | ||
| 100 |
_aNair A M Au. _9594357 |
||
| 245 | 0 | _aJapanil anpathanchu varsham | |
| 260 |
_aKottayam _bD C Books India _c1982 |
||
| 650 |
_aINDIA - HISTORY - FREEDOM STRUGGLE _922401 |
||
| 942 |
_hV2:51y7N05, 32M2 _cTEXL _2cc |
||
| 999 |
_c956483 _d956483 |
||